Statistiques concernant Intercommunalités du Val-d'Oise

Cliquez ici pour prendre le quiz!

Statistiques générales

  • Ce quiz a été pris 9 fois
  • Le résultat moyen est 2 sur 10

Statistiques - réponses

Nombres de CommunesIntercommunalités% Correct
13 (dont 01 dans les Yvelines)Communauté d'agglomération de Cergy-Pontoise
78%
15Communauté d'agglomération Val Parisis
44%
18Communauté d'agglomération Plaine Vallée
33%
42 (dont 17 dans la Seine-et-Marne)Communauté d'agglomération Roissy Pays de France
22%
09Communauté de communes de la Vallée de l'Oise et des Trois Forêts
22%
09Communauté de communes du Haut Val-d'Oise
22%
19Communauté de communes Carnelle Pays-de-France
11%
26Communauté de communes Vexin - Val de Seine
11%
15Communauté de communes Sausseron Impressionnistes
0%
34Communauté de communes Vexin Centre
0%

Distribution des résultats

Percentile par nombre de réponses

% des personnes avec chaque résultat

Votre développement - résultats

Vous n’avez pas pris ce quiz